000 00286nam a22001337a 4500
008 181022b xxu||||| |||| 00| 0 eng d
020 _a9780226028569
041 _aeng
080 _a371
100 _a49
101 _aPSI
245 _aAcademically adrift
_cArum, R
942 _2udc
_cBK
999 _c50487
_d50487